000 00599nam a2200229Ia 4500
003 OSt
005 20220924152539.0
006 a|||||r|||| 00| 0
007 ta
008 220923b |||||||| |||| 00| 0 mar d
024 _a343031
037 _cTextual
040 _aARTS
_cARTS
_bmar
041 _2mar
_amar
082 _aV235:1-8.L1, 155E0.1.-12
100 _aRajvade
_9226950
245 0 _aMarathyanchya itihasachi sadhane
260 _c1910
650 _aHISTORY
942 _hV235:1-8.L1, 155E0.1.-12
_cTEXL
_2CC
999 _c470182
_d470182